Workbook on personal identification/ (Record no. 3626)
[ view plain ]
| 000 -LEADER | |
|---|---|
| fixed length control field | 00894nam a22002657a 4500 |
| 003 - CONTROL NUMBER IDENTIFIER | |
| control field | OSt |
| 005 - DATE AND TIME OF LATEST TRANSACTION | |
| control field | 20160728133859.0 |
| 008 - FIXED-LENGTH DATA ELEMENTS--GENERAL INFORMATION | |
| fixed length control field | 160728b xxu||||| |||| 00| 0 eng d |
| 020 ## - INTERNATIONAL STANDARD BOOK NUMBER | |
| International Standard Book Number | 978-971-9647-02-7 |
| 040 ## - CATALOGING SOURCE | |
| Transcribing agency | LIC |
| 082 ## - DEWEY DECIMAL CLASSIFICATION NUMBER | |
| Edition number | 2015 |
| Classification number | DFil 363.258 |
| Item number | R32 |
| 100 ## - MAIN ENTRY--PERSONAL NAME | |
| 9 (RLIN) | 12065 |
| Personal name | Revisa, William A. |
| 245 ## - TITLE STATEMENT | |
| Title | Workbook on personal identification/ |
| Statement of responsibility, etc. | William A. Revisa...[and three others]. |
| 260 ## - PUBLICATION, DISTRIBUTION, ETC. (IMPRINT) | |
| Place of publication, distribution, etc. | Quezon City: |
| Name of publisher, distributor, etc. | ChapterHouse Publishing Incorporated, |
| Date of publication, distribution, etc. | c2015. |
| 300 ## - PHYSICAL DESCRIPTION | |
| Extent | v, 185 pages: |
| Other physical details | illustrations; |
| Dimensions | 25 cm. |
| 365 ## - TRADE PRICE | |
| Price amount | 488.00 |
| Currency code | Php |
| 500 ## - GENERAL NOTE | |
| General note | Includes bibliographical references. |
| 650 #0 - SUBJECT ADDED ENTRY--TOPICAL TERM | |
| 9 (RLIN) | 12062 |
| Topical term or geographic name as entry element | Fingerprints |
| 650 #0 - SUBJECT ADDED ENTRY--TOPICAL TERM | |
| 9 (RLIN) | 12063 |
| Topical term or geographic name as entry element | Criminal -identification |
| 650 #0 - SUBJECT ADDED ENTRY--TOPICAL TERM | |
| 9 (RLIN) | 12064 |
| Topical term or geographic name as entry element | Personal identification -- fingerprints |
| 700 ## - ADDED ENTRY--PERSONAL NAME | |
| 9 (RLIN) | 12066 |
| Personal name | Chavez, Carmelita B. |
| 700 ## - ADDED ENTRY--PERSONAL NAME | |
| 9 (RLIN) | 12067 |
| Personal name | Magbojos, Roberto R. |
| 700 ## - ADDED ENTRY--PERSONAL NAME | |
| 9 (RLIN) | 12068 |
| Personal name | Serion, Edison B. |
| 942 ## - ADDED ENTRY ELEMENTS (KOHA) | |
| Source of classification or shelving scheme | Dewey Decimal Classification |
| Koha item type | Filipiniana |
| Withdrawn status | Lost status | Source of classification or shelving scheme | Damaged status | Not for loan | Collection code | Home library | Current library | Date acquired | Source of acquisition | Total Checkouts | Full call number | Barcode | Date last seen | Copy number | Cost, replacement price | Price effective from | Koha item type | Shelving location | Date last checked out |
|---|---|---|---|---|---|---|---|---|---|---|---|---|---|---|---|---|---|---|---|
| Dewey Decimal Classification | Filipiniana | UM Digos College - LIC | UM Digos College - LIC | 07/25/2016 | Purchased | DFil 363.258 R32 2015 | 24064 | 05/15/2025 | 1 | 488.00 | 07/28/2016 | Filipiniana | |||||||
| Dewey Decimal Classification | Filipiniana | UM Digos College - LIC | UM Digos College - LIC | 07/25/2016 | Purchased | DFil 363.258 R32 2015 | 24065 | 05/15/2025 | 2 | 488.00 | 07/28/2016 | Filipiniana | |||||||
| Dewey Decimal Classification | Filipiniana | UM Digos College - LIC | UM Digos College - LIC | 07/25/2016 | Purchased | 2 | DFil 363.258 R32 2015 | 24066 | 05/15/2025 | 3 | 488.00 | 07/28/2016 | Filipiniana | Book Cart | 03/22/2023 | ||||
| Dewey Decimal Classification | Filipiniana | UM Digos College - LIC | UM Digos College - LIC | 07/25/2016 | Purchased | DFil 363.258 R32 2015 | 24067 | 05/15/2025 | 4 | 488.00 | 07/28/2016 | Filipiniana | |||||||
| Dewey Decimal Classification | Filipiniana | UM Digos College - LIC | UM Digos College - LIC | 07/25/2016 | Purchased | 1 | DFil 363.258 R32 2015 | 24068 | 05/15/2025 | 5 | 488.00 | 07/28/2016 | Filipiniana | 11/15/2016 |
